Antología Allanamiento al alma.
Enregistré dans:
| Collectivité auteur: | |
|---|---|
| Autres auteurs: | , , , , , , , , , , , , , |
| Format: | Livre |
| Publié: |
Valparaíso, Chile:
Edipos Ediciones,
2008.
|
| Sujets: | |
| Tags: |
Ajouter un tag
Pas de tags, Soyez le premier à ajouter un tag!
|
MARC
| LEADER | 00000nam a22000007a 4500 | ||
|---|---|---|---|
| 003 | CL-VaPUC | ||
| 005 | 20241121123801.0 | ||
| 008 | 241113t2008 ||||| |||| 00| 0 eng d | ||
| 999 | |c 445678 |d 445676 | ||
| 040 | |c Pontificia Universidad Católica de Valparaíso | ||
| 082 | |a Ch861 CEN 2008 | ||
| 110 | |9 893729 |a Centro Penitenciario Femenino de Valparaíso |e autor | ||
| 245 | |a Antología Allanamiento al alma. | ||
| 260 | |a Valparaíso, Chile: |b Edipos Ediciones, |c 2008. | ||
| 300 | |a 99 páginas. | ||
| 500 | |a Donación Biblioteca Mayor de Filosofía y Educación. 5 de noviembre de 2024. | ||
| 583 | |c 20241113 |k Gabriela Rodríguez Cuevas | ||
| 650 | 0 | |9 268403 |a Poesía chilena |x Antología |y Siglo 21 | |
| 650 | 0 | |9 308278 |a Literatura chilena |x Poemas |x Cuentos |y Siglo 21 | |
| 650 | 0 | |9 338692 |a Reinserción social |x Carceles |z Valparaíso, Chile | |
| 700 | |9 893730 |a Banda, Alejandro |e editor |e selección de textos | ||
| 700 | |9 893738 |a Ledezma, Elena |e autora | ||
| 700 | |9 893739 |a Martínez, Sandra |e autora | ||
| 700 | |9 893740 |a Aguilera, Sandra |e autora | ||
| 700 | |9 807995 |a Muñoz, Daniela |e autora | ||
| 700 | |9 893741 |a Romagnoli, Carla |e autora | ||
| 700 | |9 893742 |a Cáceres, Andrea |e autora | ||
| 700 | |9 893743 |a Cruz, Carolayn |e autora | ||
| 700 | |9 893744 |a Segovia, Marta |e autora | ||
| 700 | |9 893745 |a Bustamante, Carolina |e autora | ||
| 700 | |9 893746 |a Troncoso, Riola |e autora | ||
| 700 | |9 893747 |a Donoso, Jenssy |e autora | ||
| 700 | |9 893748 |a Cárcamo, Clarisa |e autora | ||
| 700 | |9 893753 |a Veliz, Myrian |e autora | ||
| 942 | |2 ddc |c BK | ||
| 952 | |0 0 |1 0 |2 ddc |4 0 |6 CH_861_000000000000000_CEN_2008 |7 0 |9 597986 |a BIBEDU |b BIBEDU |d 2024-11-13 |e Donación |i 5663203 |o Ch861 CEN 2008 |p 5663203 |r 2024-11-13 |t 1 |w 2024-11-13 |y BK |k EDU | ||